Who Wrote That? #14 - Statistics

General Stats
  • This quiz has been taken 60 times
  • The average score is 4 of 10
Answer Stats
Hint Explanation Answer % Correct
“But soft! What light through yonder window breaks? It is the east, and Juliet is the sun.” Romeo and Juliet William Shakespeare
91%
“Nowadays people know the price of everything and the value of nothing.” The Picture of Dorian Gray Oscar Wilde
59%
“The outlook wasn’t brilliant for the Mudville nine that day;
The score stood four to two with but one inning more to play.
And then when Cooney died at first, and Barrows did the same,
A sickly silence fell upon the patrons of the game.”
“Casey at the Bat” Ernest Lawrence Thayer
44%
“My advice is, never do tomorrow what you can do today. Procrastination is the thief of time.” David Copperfield Charles Dickens
34%
“He has put a knife on the things that held us together and we have fallen apart.” Things Fall Apart Chinua Achebe
34%
“The place where you made your stand never mattered. Only that you were there… and still on your feet.” The Stand Stephen King
34%
“The voice of the sea is seductive, never ceasing, whispering, clamoring, murmuring, inviting the soul to wander in abysses of solitude.” The Awakening Kate Chopin
19%
“Memories, even your most precious ones, fade surprisingly quickly. But I don’t go along with that. The memories I value most, I don’t ever see them fading.” Never Let Me Go Kazuo Ishiguro
19%
“Time is the longest distance between two places.” The Glass Menagerie Tennessee Williams
19%
“We dream in our waking moments, and walk in our sleep.” The Scarlet Letter Nathaniel Hawthorne
3%
No matching quizzes found
Score Distribution
Percent of People with Each Score
Percentile by Number Answered
Your Score History
You have not taken this quiz